Efectos del TLCAN en la competitividad de la pequeña empresa en México /
में बचाया:
| मुख्य लेखक: | |
|---|---|
| अन्य लेखक: | |
| स्वरूप: | मूलपाठ |
| विषय: | |
| टैग: |
टैग जोड़ें
कोई टैग नहीं, इस रिकॉर्ड को टैग करने वाले पहले व्यक्ति बनें!
|
MARC
| LEADER | 00000 a a2200000 04500 | ||
|---|---|---|---|
| 001 | 3577 | ||
| 003 | |||
| 040 | |||
| 100 | |a Haar, Jerry | ||
| 245 | |a Efectos del TLCAN en la competitividad de la pequeña empresa en México / |c Jerry Haar ; Catherine Leroy - Beltrán ; Oscar Beltrán | ||
| 500 | |a Resumen en español páginas 471 y en inglés páginas558 | ||
| 650 | |a TLCAN | ||
| 650 | |a PEQUEÑAS EMPRESAS | ||
| 650 | |a CONSECUENCIAS ECONOMICAS | ||
| 700 | |a Leroy - Beltrán, Catherine |a Beltrán, Oscar | ||
| 773 | |g volumen 54, número 6; páginas 502-515 | ||
| 999 | |c 31401 |d 31401 | ||
